000 03975 a2200241 4500
003 NALT
005 20260203153825.0
008 250610b th ||||| |||| 00| 0 tha d
020 _a9786166128369
040 _aNALT
090 _aKS 13
_bว559อ 2567
100 0 _aวิเชียร ดิเรกอุดมศักดิ์
_912280
245 1 0 _aอาญาพิสดาร เล่ม 2 (ฉบับปรับปรุงใหม่ ปี 2567) /
_cโดย วิเชียร ดิเรกอุดมศักดิ์ ; Jurisprudence Group.
246 1 4 _aกฎหมาย อาญาพิสดาร เล่ม 2 (ฉบับปรับปรุงใหม่ ปี 2567) หลักกฎหมายแก้ไขใหม่ล่าสุด และแนวคำพิพากษาฎีกา ตามประมวลกฎหมายอาญา มาตรา 206-398.
260 _aกรุงเทพฯ :
_bแสงจันทร์,
_c2567.
300 _a639 หน้า ;
_c26 ซม.
505 2 _aความผิดเกี่ยวกับศาสนา -- อั้งยี่ -- ซ่องโจร -- ก่อการจราจล -- ความผิดเกี่ยวกับการก่อให้เกิดภยันตรายแก่ประชาชน -- ความผิดเกี่ยวกับเงินตรา -- ความผิดเกี่ยวกับการปลอมดวงตรา -- ความผิดเกี่ยวกับเอกสาร -- ความผิดเกี่ยวกับบัตรอิเล็กทรอนิกส์ -- ความผิดเกี่ยวกับการค้า -- ความผิดเกี่ยวกับเพศ -- ความผิดต่อชีวิตและร่างกาย -- ฆ่าผู้อื่นโดยเจตนา -- ฆ่าผู้อื่นในเหตุฉกรรจ์ -- ทำร้ายผู้อื่นจนเป็นเหตุให้ถึงแก่ความตาย -- กระทำโดยประมาทเป็นเหตุให้ผู้อื่นถึงแก่ความตาย -- ทำร้ายผู้อื่นเป็นเหตุให้ได้รับอันตรายแก่กายและจิตใจ -- ทำร้ายร่างกายผู้อื่นเป็นเหตุให้ได้รับอันตรายสาหัส -- กระทำโดยประมาทเป็นเหตุให้ผู้อื่นได้รับอันตรายสาหัส -- ชุลมุนต่อสู้ -- ทำให้แท้งลูก -- ความผิดต่อเสรีภาพ -- เอาคนลงเป็นทาส -- จับคนไปเรียกค่าไถ่ -- พรากเด็กหรือผู้เยาว์ -- หมิ่นประมาท -- ลักทรัพย์ -- วิ่งราวทรัพย์ -- กรรโชก -- รีดเอาทรัพย์ -- ชิงทรัพย์ -- ปล้นทรัพย์ -- ฉ้อโกง -- ฉ้อโกงประชาชน -- ฉ้อโกงแรงงาน -- ฉ้อโกงค่าอาหาร ค่าโรงแรม -- โกงเจ้าหนี้ -- ยักยอก -- รับของโจร -- ทำให้เสียทรัพย์ -- บุกรุก -- ความผิดเกี่ยวกับศพ -- ลหุโทษ.
710 2 _aJurisprudence Group
_912278
942 _cLB
_2local
996 _avaree.k
_bLIBSTF
_c2025-06-10
996 _asaiphon.d
_bCATSTF
_c2025-06-11
999 _c106778
_d106778
998 _j111
_k นางสาวพจพิณ พรมเอี่ยม